logo

Bir Sreshtho Munshi Abdur Rouf Library
Jhenaidah Cadet College

Physical anthropology 05/06 / (Record no. 14263)

MARC details
000 -LEADER
fixed length control field 01053cam a22003014a 4500
001 - CONTROL NUMBER
JCCL Control Number 14263
003 - CONTROL NUMBER IDENTIFIER
JCCL marc code BD-JhCC
005 - DATE AND TIME OF LATEST TRANSACTION
control field 20250225123019.0
008 - FIXED-LENGTH DATA ELEMENTS--GENERAL INFORMATION
fixed length control field 011115s2005 ohua b 001 0 eng
020 ## - INTERNATIONAL STANDARD BOOK NUMBER
International Standard Book Number 0073079081
035 ## - SYSTEM CONTROL NUMBER
system control number (BD-JhCC)14263
040 ## - CATALOGING SOURCE
Original cataloging agency DLC
Transcribing agency DLC
Modifying agency DLC
041 ## - LANGUAGE CODE
Language code of Book english
050 00 - LIBRARY OF CONGRESS CALL NUMBER
Classification number HF5718.3
Item number .G838 2003
082 00 - DEWEY DECIMAL CLASSIFICATION NUMBER
Classification number 573.8
DDC Edition number 21
Author mark and Year ANG 2005
100 1# - MAIN ENTRY--PERSONAL NAME
Personal name Angeloni,Elvio
245 10 - TITLE STATEMENT
Title Physical anthropology 05/06 /
Statement of responsibility, etc Elvio Angeloni.
250 ## - EDITION STATEMENT
Edition statement 4th ed.
260 ## - PUBLICATION, DISTRIBUTION, ETC. (IMPRINT)
Place of publication, distribution, etc Iowa :
Name of publisher, distributor, etc McGraw-Hill/Dushkin, Dubuque,
Date of publication, distribution, etc 2005.
300 ## - PHYSICAL DESCRIPTION
Pagination 207 p. :
Other physical details ill. ;
Dimensions 27 cm.
504 ## - BIBLIOGRAPHY, ETC. NOTE
Bibliography, etc Includes bibliographical references and index.
650 #0 - SUBJECT ADDED ENTRY--TOPICAL TERM
Topical term or geographic name as entry element Physical anthropology
856 42 - ELECTRONIC LOCATION AND ACCESS
Materials specified Contributor biographical information
Uniform Resource Identifier http://www.loc.gov/catdir/enhancements/fy1514/2001057608-b.html
856 42 - ELECTRONIC LOCATION AND ACCESS
Materials specified Publisher description
Uniform Resource Identifier http://www.loc.gov/catdir/enhancements/fy1514/2001057608-d.html
856 41 - ELECTRONIC LOCATION AND ACCESS
Materials specified Table of contents only
Uniform Resource Identifier http://www.loc.gov/catdir/enhancements/fy1514/2001057608-t.html
942 ## - ADDED ENTRY ELEMENTS (KOHA)
Source of classification or shelving scheme Dewey Decimal Classification
Koha item type Books
Holdings
Source of classification or shelving scheme Damaged status Not for loan Home library Current library Shelving location Date of accession Source of acquisition Total Checkouts Full call number Barcode Date last seen Copy number Method of acquisition Koha item type Currency
Dewey Decimal Classification     JCC Rouf Library JCC Rouf Library General Stacks   With the compliments of Shahriar Imtiaz Rahman,27/1483/K   573.8 ANG 2005 19878 02/25/2025 C-1 Gift/Donation Books BDT

JCC Library | Contacts | JCC Home

Last Update on 23 September 2017
Copyright @ 2017-2020 JCC Rouf Library
Rouf Library, Jhenidah Cadet College (JCC), Bangladesh